Name Netflix Movies by pictures #1 - Statistics

General Stats
  • This quiz has been taken 342 times
  • The average score is 10 of 12
Answer Stats
Picture Answer % Correct
Titanic
100%
Barbie
99%
Shrek
98%
Scream
93%
Inside out
89%
Oppenheimer
86%
Mean Girls
83%
Annabelle
79%
Five Nights at Freddy's
77%
White Chicks
76%
A Minecraft Movie
74%
The Nun
71%
No matching quizzes found
Score Distribution
Percent of People with Each Score
Percentile by Number Answered
Your Score History
You have not taken this quiz